000 01086nam0a22002651 4500
001 rc\4964266
005 20260408070925.0
021 _aRU
_b61-84571
021 _aRU
_bРг764
035 _a(NLR Aleph) 008863820
090 _a8478093
_c8478093
100 _a20130426d1960 |||y0rusy50 ca
101 0 _arus
102 _aRU
105 _aa z |||||
200 1 _aРедукторы
_fГос. науч.-техн. ком. Совета Министров СССР. Центр. ин-т техн. информации угольной пром-сти. Луганск. завод угольного машиностроения им. Пархоменко
210 _aМосква
_cБ. и.
_d1960
215 _a12 с.
_cил.
_d26
225 1 _aСерия "Каталоги и проспекты"
712 0 2 _aВорошиловградский завод угольного машиностроения им. Пархоменко
_9312539
_3RU\NLR\AUTH\8810212813
801 0 _aRU
_bNLR
_gpsbo
801 1 _aRU
_bELAR
_2rusmarc
852 _aNLR
_jПт 36.62/49
942 _cBOOK
980 _aNB